Nemci kúpili bývalý VSŽ Inžiniering

Bibliographic Details
Format: Article
Language:Slovak
ISSN:1335-4566
Subjects:

MARC

LEADER 00000nab a2200000 a 4500
001 vtls008408526
003 SK-MaSNL
005 20260303070106.0
008 160405c20051109xo drz 0 0slo
038 |a KEVKJB 
040 |a KEVKJB  |b slo  |c KEVKJB  |e AACR2 
041 0 |a slo 
044 |a xo  |c SK 
080 |a 669.1  |2 1997 
245 0 0 |a Nemci kúpili bývalý VSŽ Inžiniering 
610 2 7 |a Východoslovenské železiarne (Košice, Slovensko)  |b Inžiniering  |2 kevkjb  |9 873709 
610 2 7 |a Slovenský investičný holding  |2 kevkjb  |9 1019816 
610 2 7 |a Silbitz Guss (Nemecko)  |2 kevkjb  |9 1067058 
773 0 |t Košický denník Korzár  |g Roč. VIII, č. 259 (9.11.2005), s. 2  |x 1335-4566 
852 |a KEVKJB  |b KIS3GCP 
958 |a DE 
999 |c 1753916  |d 1755846